Wall of flame : The heroic battle to save Southern California

A dramatic look from the front lines at the most devastating fire siege in California history. Wall of Flame recalls the unprecedented events surrounding the Grand Prix Fire, revealing the moments of apparent indecision, the lack of coordination, and even how local, state, and federal firefighters--...

Ausführliche Beschreibung

Gespeichert in:
Bibliographische Detailangaben
1. Verfasser: Krauss, Erich
Format: Buch
Sprache:Undetermined
Veröffentlicht: Hoboken, N.J. John Wiley & Sons 2006
Schlagworte:
Tags: Tag hinzufügen
Keine Tags, Fügen Sie den ersten Tag hinzu!
Thư viện lưu trữ: Trung tâm Học liệu Trường Đại học Cần Thơ
LEADER 01352nam a2200241Ia 4500
001 CTU_165708
008 210402s9999 xx 000 0 und d
020 |c 24.95 
082 |a 363.379 
082 |b K91 
100 |a Krauss, Erich 
245 0 |a Wall of flame : 
245 4 |b The heroic battle to save Southern California 
245 0 |c Erich Krauss ; foreword by Mike Bell 
260 |a Hoboken, N.J. 
260 |b John Wiley & Sons 
260 |c 2006 
520 |a A dramatic look from the front lines at the most devastating fire siege in California history. Wall of Flame recalls the unprecedented events surrounding the Grand Prix Fire, revealing the moments of apparent indecision, the lack of coordination, and even how local, state, and federal firefighters--each with missions that at times opposed one another--put their differences aside for the greater good in order to save Southern California. With each passing hour, the fire grew larger and their task more immense. 
650 |a Wildfires,Wildfires,Fire fighters,Cháy rừng,Cháy rừng 
650 |x Prevention and control,Phòng chống và kiểm soát 
650 |z California, Southern,California, Southern,California, Southern,California, phía Nam 
904 |i Loan, Dinh Thu, Bạch Trúc 
980 |a Trung tâm Học liệu Trường Đại học Cần Thơ